Normal view
MARC view
- MATLAB KALMAN FILTERING DATA PROCESING RANDOM NOISE THORY SIGNAL PROCESSING DATA PROCESSING
Entry Topical Term
001 - CONTROL NUMBER
- control field: 71334
003 - CONTROL NUMBER IDENTIFIER
- control field: NUST
005 - DATE AND TIME OF LATEST TRANSACTION
- control field: 20210628204625.0
008 - FIXED-LENGTH DATA ELEMENTS
- fixed length control field: 210628|| aca||aabn | a|a d
040 ## - CATALOGING SOURCE
- Original cataloging agency: NUST
- Transcribing agency: NUST
150 ## - HEADING--TOPICAL TERM
- Topical term or geographic name entry element: MATLAB KALMAN FILTERING DATA PROCESING RANDOM NOISE THORY SIGNAL PROCESSING DATA PROCESSING
670 ## - SOURCE DATA FOUND
- Source citation: Work cat.: (NUST): Hwang, P. Y. C Brown, R. G 71333, Introduction to random signals and applied kalman filtering with matlab excercises and solution, 1997
